Giáo trình Điện hóa học

Sách có nội dung về dung dịch chất điện li, hiện tượng cân bằng trên bề mặt điện cực, động học điện hóa và ứng dụng.

Đã lưu trong:
書目詳細資料
主要作者: Nguyễn, Mộng Hoàng
格式: 圖書
語言:Undetermined
出版: Cần Thơ Trường Đại học Cần Thơ 2020
主題:
標簽: 添加標簽
沒有標簽, 成為第一個標記此記錄!
Thư viện lưu trữ: Trung tâm Học liệu Trường Đại học Cần Thơ
LEADER 00769nam a2200193Ia 4500
001 CTU_238589
008 210402s9999 xx 000 0 und d
082 |a 541.37 
082 |b H407 
100 |a Nguyễn, Mộng Hoàng 
245 0 |a Giáo trình Điện hóa học 
245 0 |c Nguyễn Mộng Hoàng 
260 |a Cần Thơ 
260 |b Trường Đại học Cần Thơ 
260 |c 2020 
520 |a Sách có nội dung về dung dịch chất điện li, hiện tượng cân bằng trên bề mặt điện cực, động học điện hóa và ứng dụng. 
650 |a Điện hóa học,Electrochemistry 
910 |b dqhieu 
980 |a Trung tâm Học liệu Trường Đại học Cần Thơ